Quiz o narodowościach piłkarzy #6 - Statystyki

Ogólne statystyki
  • Ten quiz został rozwiązany 234 razy
  • Średni wynik to 14 z 15
Statystyki odpowiedzi
Zagadnienie Odpowiedź % Poprawnych
Który kraj na arenie międzynarodowej reprezentuje Eduardo Camavinga? Francja
100%
Który kraj na arenie międzynarodowej reprezentuje Fernando Torres? Hiszpania
100%
Który kraj na arenie międzynarodowej reprezentuje Noussair Mazraoui? Maroko
100%
Który kraj na arenie międzynarodowej reprezentuje Marc-André ter Stegen? Niemcy
100%
Który kraj na arenie międzynarodowej reprezentuje Dušan Vlahović? Serbia
100%
Który kraj na arenie międzynarodowej reprezentuje Florian Wirtz? Niemcy
98%
Który kraj na arenie międzynarodowej reprezentuje Bremer? Brazylia
97%
Który kraj na arenie międzynarodowej reprezentuje Leroy Sané? Niemcy
97%
Który kraj na arenie międzynarodowej reprezentuje Min-jae Kim? Korea Południowa
95%
Który kraj na arenie międzynarodowej reprezentuje Eberechi Eze? Anglia
93%
Który kraj na arenie międzynarodowej reprezentuje Victor Boniface? Nigeria
93%
Który kraj na arenie międzynarodowej reprezentuje Timothy Weah? Stany Zjednoczone
93%
Który kraj na arenie międzynarodowej reprezentuje Aaron Wan-Bissaka? Anglia
84%
Który kraj na arenie międzynarodowej reprezentuje Edmond Tapsoba? Burkina Faso
74%
Który kraj na arenie międzynarodowej reprezentuje Yerry Mina? Kolumbia
72%
Nie znaleziono quizów pasujących do podanych kryteriów
Rozkład punktacji
Procent ludzi z każdym wynikiem
Percentyl według liczby udzielonych odpowiedzi
Twoja historia wyników
Nie rozwiązałeś tego quizu